书目信息 |
| 题名: |
多元共治环境治理体系下公众参与权研究
|
|
| 作者: | 胡乙 著 | |
| 分册: | ||
| 出版信息: | 长春 吉林大学出版社 2021.08 |
|
| 页数: | 197页 | |
| 开本: | 24cm | |
| 丛书名: | ||
| 单 册: | ||
| 中图分类: | X32 | |
| 科图分类: | ||
| 主题词: | 公民--gong min--参与管理--环境综合整治--研究 | |
| 电子资源: | ||
| ISBN: | 978-7-5692-8370-9 | |
| 000 | 01170nam0 2200241 450 | |
| 001 | 25176 | |
| 005 | 20220918163255.25 | |
| 010 | @a978-7-5692-8370-9@dCNY68.00 | |
| 100 | @a20211202d2021 em y0chiy50 ea | |
| 101 | 0 | @achi |
| 102 | @aCN@b220000 | |
| 105 | @ay a 000yy | |
| 200 | 1 | @a多元共治环境治理体系下公众参与权研究@Aduo yuan gong zhi huan jing zhi li ti xi xia gong zhong can yu quan yan jiu@f胡乙著 |
| 210 | @a长春@c吉林大学出版社@d2021.08 | |
| 215 | @a197页@d24cm | |
| 314 | @a胡乙, 1980年11月生, 吉林大学法学院博士, 白城师范学院政法学院副教授。主要研究领域为经济法。近年来, 主持吉林省教育厅、吉林省教育科学规划项目各1项, 参与其他国家、省课题10余项。 | |
| 320 | @a有书目 (第184-197页) | |
| 330 | @a本书通过多元主体间的沟通、协商机制, 促进多元主体间的对话与合作。在此背景下, 公众以更为有效的方式实质性地参与到环境治理过程中。从分析公众参与权的理论论证与实践基础入手, 进而按照对于权利的分析进程, 分别对公众参与权的主体、内容、权利的行使至最终权利的实现进行深入分析和论证。 | |
| 606 | 0 | @a公民@Agong min@x参与管理@x环境综合整治@x研究 |
| 690 | @aX32@v5 | |
| 701 | 0 | @a胡乙@Ahu yi@4著 |
| 801 | 0 | @aCN@c20220910 |
| 905 | @a河南城建学院图书馆@dX32@eH523@f2 | |
| 多元共治环境治理体系下公众参与权研究/胡乙著.-长春:吉林大学出版社,2021.08 |
| 197页;24cm |
| ISBN 978-7-5692-8370-9:CNY68.00 |
| 本书通过多元主体间的沟通、协商机制, 促进多元主体间的对话与合作。在此背景下, 公众以更为有效的方式实质性地参与到环境治理过程中。从分析公众参与权的理论论证与实践基础入手, 进而按照对于权利的分析进程, 分别对公众参与权的主体、内容、权利的行使至最终权利的实现进行深入分析和论证。 |
| ● |
| 相关链接 |
|
|
|
正题名:多元共治环境治理体系下公众参与权研究
索取号:X32/H523
 
预约/预借
| 序号 | 登录号 | 条形码 | 馆藏地/架位号 | 状态 | 备注 |
| 1 | 1575967 | 215759677 | 自科库501/501自科库 65排5列5层/ [索取号:X32/H523] | 在馆 | |
| 2 | 1575968 | 215759686 | 自科库501/501自科库 65排5列5层/ [索取号:X32/H523] | 在馆 |